|
|
|
|
| LEADER |
01913nam a22005175i 4500 |
| 001 |
978-1-4020-2351-4 |
| 003 |
DE-He213 |
| 005 |
20151204154940.0 |
| 007 |
cr nn 008mamaa |
| 008 |
100301s2004 ne | s |||| 0|eng d |
| 020 |
|
|
|a 9781402023514
|9 978-1-4020-2351-4
|
| 024 |
7 |
|
|a 10.1007/1-4020-2351-0
|2 doi
|
| 040 |
|
|
|d GrThAP
|
| 050 |
|
4 |
|a QB4
|
| 072 |
|
7 |
|a PG
|2 bicssc
|
| 072 |
|
7 |
|a SCI004000
|2 bisacsh
|
| 072 |
|
7 |
|a NAT033000
|2 bisacsh
|
| 082 |
0 |
4 |
|a 520
|2 23
|
| 100 |
1 |
|
|a Horedt, G. P.
|e author.
|
| 245 |
1 |
0 |
|a Polytropes
|h [electronic resource] :
|b Applications in Astrophysics and Related Fields /
|c by G. P. Horedt.
|
| 264 |
|
1 |
|a Dordrecht :
|b Springer Netherlands,
|c 2004.
|
| 300 |
|
|
|a VIII, 724 p.
|b online resource.
|
| 336 |
|
|
|a text
|b txt
|2 rdacontent
|
| 337 |
|
|
|a computer
|b c
|2 rdamedia
|
| 338 |
|
|
|a online resource
|b cr
|2 rdacarrier
|
| 347 |
|
|
|a text file
|b PDF
|2 rda
|
| 490 |
1 |
|
|a Astrophysics and Space Science Library ;
|v 306
|
| 505 |
0 |
|
|a Polytropic and Adiabatic Processes -- Undistorted Polytropes -- Distorted Polytropes -- Relativistic Polytropes -- Stability and Oscillations -- Further Applications to Polytropes.
|
| 650 |
|
0 |
|a Physics.
|
| 650 |
|
0 |
|a Physical chemistry.
|
| 650 |
|
0 |
|a Observations, Astronomical.
|
| 650 |
|
0 |
|a Astronomy
|x Observations.
|
| 650 |
|
0 |
|a Astrophysics.
|
| 650 |
1 |
4 |
|a Physics.
|
| 650 |
2 |
4 |
|a Astronomy, Observations and Techniques.
|
| 650 |
2 |
4 |
|a Theoretical, Mathematical and Computational Physics.
|
| 650 |
2 |
4 |
|a Astrophysics and Astroparticles.
|
| 650 |
2 |
4 |
|a Physical Chemistry.
|
| 710 |
2 |
|
|a SpringerLink (Online service)
|
| 773 |
0 |
|
|t Springer eBooks
|
| 776 |
0 |
8 |
|i Printed edition:
|z 9781402023507
|
| 830 |
|
0 |
|a Astrophysics and Space Science Library ;
|v 306
|
| 856 |
4 |
0 |
|u http://dx.doi.org/10.1007/1-4020-2351-0
|z Full Text via HEAL-Link
|
| 912 |
|
|
|a ZDB-2-PHA
|
| 912 |
|
|
|a ZDB-2-BAE
|
| 950 |
|
|
|a Physics and Astronomy (Springer-11651)
|